000 00553nam a2200265Ia 4500
001 6907
008 191123s9999 xx 000 0 und d
041 _aspa
044 _aag
100 _aMolinelli, Eliana
245 0 _aDesocultamiento.
260 _aBuenos Aires :
_bMuseo,
_c1998.
300 _a24 p.
650 _aESCULTURA
650 _aMETAL
650 _aMETAL SOLDADO
902 _aM
903 _am
904 _am
907 _aImpreso
911 _aIlus. col. ; 22 cm.
912 _a1998
942 _cLIBRO
999 _c4723
_d4723